书目信息 |
| 题名: |
多媒体计算机组装与维护
|
|
| 作者: | 梁越 主编 | |
| 分册: | ||
| 出版信息: | 北京 科学出版社 2005 |
|
| 页数: | 225页 | |
| 开本: | 26cm | |
| 丛书名: | ||
| 单 册: | ||
| 中图分类: | TP37 | |
| 科图分类: | ||
| 主题词: | 多媒体--微型计算机--维修--高等学校--教材 , 多媒体 , 多媒体--微型计算机--组装--高等学校--教材 , 微型计算机 | |
| 电子资源: | ||
| ISBN: | 7-03-016207-2 | |
| 000 | 00969nam0 2200265 450 | |
| 001 | 002969740 | |
| 005 | 20061101160921.06 | |
| 010 | @a7-03-016207-2@dCNY20.00 | |
| 100 | @a20050119d2005 em y0chiy0110 ea | |
| 101 | 0 | @achi |
| 102 | @aCN@b110000 | |
| 105 | @ay z 000yy | |
| 200 | 1 | @a多媒体计算机组装与维护@9duo mei ti ji suan ji zu zhuang yu wei hu@f梁越主编 |
| 210 | @a北京@c科学出版社@d2005 | |
| 215 | @a225页@d26cm | |
| 300 | @a面向21世纪高等院校计算机系列规划教材 | |
| 330 | @a本书全面介绍了多媒体计算机各主要部件的发展及特性,当前多媒体计算机主流配置的选购、组装、维护及局域网组建等基础知识。还介绍了打印机、扫描仪、数码照相机等外围设备的安装、选购及驱动的添加方法。 | |
| 606 | 0 | @a多媒体@x微型计算机@x维修@x高等学校@j教材 |
| 606 | 0 | @a多媒体 |
| 606 | 0 | @a多媒体@x微型计算机@x组装@x高等学校@j教材 |
| 606 | 0 | @a微型计算机 |
| 690 | @aTP37@v4 | |
| 701 | 0 | @a梁越@9liang yue@c(计算机)@4主编 |
| 801 | 0 | @aCN@bNLC@c20061101 |
| 905 | @a10447@dTP37@e13 | |
| 多媒体计算机组装与维护/梁越主编.-北京:科学出版社,2005 |
| 225页;26cm |
| 面向21世纪高等院校计算机系列规划教材 |
| ISBN 7-03-016207-2:CNY20.00 |
| 本书全面介绍了多媒体计算机各主要部件的发展及特性,当前多媒体计算机主流配置的选购、组装、维护及局域网组建等基础知识。还介绍了打印机、扫描仪、数码照相机等外围设备的安装、选购及驱动的添加方法。 |
| ● |
| 相关链接 |
|
|
|
|
正题名:多媒体计算机组装与维护
索取号:TP37/13
 
预约/预借
| 序号 | 登录号 | 条形码 | 馆藏地/架位号 | 状态 | 备注 |
| 1 | 0387746 | 203877466 | 第二样本阅览室/ [索取号:TP37/13] | 在馆 | |
| 2 | 0387747 | 203877475 | 第三借阅区/ [索取号:TP37/13] | 在馆 | |
| 3 | 0387748 | 203877484 | 第三借阅区/ [索取号:TP37/13] | 在馆 | |
| 4 | 0387749 | 203877493 | 第三借阅区/ [索取号:TP37/13] | 在馆 | |
| 5 | 0387750 | 203877509 | 第三借阅区/ [索取号:TP37/13] | 在馆 | |
| 6 | 0387751 | 203877518 | 第三借阅区/ [索取号:TP37/13] | 在馆 | |
| 7 | 0387752 | 203877527 | 第三借阅区/ [索取号:TP37/13] | 在馆 | |
| 8 | 0387753 | 203877536 | 第三借阅区/ [索取号:TP37/13] | 在馆 | |
| 9 | 0387754 | 203877545 | 第三借阅区/ [索取号:TP37/13] | 在馆 | |
| 10 | 0387755 | 203877554 | 第三借阅区/ [索取号:TP37/13] | 在馆 |